[Event "AUTO-ADV-2545"]
[Site "http://www.queenalice.com/game.php?id=1075915"]
[Date "2012.6.24"]
[Round "1"]
[White "Jedi_knight"]
[Black "grazyhorse"]
[Result "0-1"]
[WhiteElo "1812"]
[BlackElo "2024"]

1. e4 c6 2. Bc4 d5 3. exd5 cxd5 4. Bb5+ Bd7 5. Bxd7+ Nxd7 6. Nf3 e6 7. d4 Ngf6
8. Bg5 Qb6 9. b3 Ne4 10. O-O Nxg5 11. Nxg5 Rc8 12. Qd3 Qc7 13. Na3 Bxa3 14. c4
Be7 15. Nf3 dxc4 16. bxc4 Qxc4 17. Qb3 Nb6 18. Qd1 Qc2 19. h3 Qxd1 20. Rfxd1 Nd5
21. Rdb1 b6 22. Rc1 O-O 23. Ne5 Rxc1+ 24. Rxc1 f6 25. Nc6 Ba3 26. Rb1 a6 27. Rb3
Bd6 28. g3 Rc8 0-1

[Event "AUTO-ADV-2545"]
[Site "http://www.queenalice.com/game.php?id=1075926"]
[Date "2012.6.24"]
[Round "1"]
[White "luizpessoa"]
[Black "Jedi_knight"]
[Result "1-0"]
[WhiteElo "1642"]
[BlackElo "1850"]

1. d4 d5 2. Nc3 c6 3. Bf4 Bf5 4. e3 e6 5. h3 Bb4 6. Qd2 Nf6 7. a3 Qa5 8. Bxb8
Rxb8 9. Bd3 Ne4 10. Bxe4 Bxe4 11. f3 Bg6 12. Nge2 O-O 13. O-O Rbc8 14. axb4 Qxb4
15. b3 a5 16. Ra4 Qb6 17. Rfa1 Ra8 18. Nf4 Qc7 19. b4 b6 20. bxa5 Rxa5 21. Rxa5
bxa5 22. Nxg6 fxg6 23. Nd1 Ra8 24. Nf2 h5 25. Nd3 a4 26. Qb4 Qa7 27. Ra3 Qc7 28.
Nc5 Qe7 29. Rxa4 Rf8 30. Qb6 e5 31. Qxc6 exd4 32. Qxd5+ Kh8 33. Rxd4 Qxe3+ 34.
Kh2 Qf2 35. Rd2 Qe3 36. Ne6 Rf5 37. Qd7 Qe5+ 38. f4 Qf6 39. Qe8+ Kh7 40. Ng5+
Rxg5 41. fxg5 Qf4+ 42. Kg1 Qxd2 43. Qe4 Qxg5 44. c4 h4 45. Qd4 Qc1+ 46. Kh2 g5
47. c5 Kg6 48. Qd6+ Kh7 49. c6 Qc4 50. c7 Qc1 51. Qe5 Qc4 52. Qf5+ g6 53. Qd7+
Kh6 54. c8=Q Qf4+ 55. Kg1 Qe3+ 56. Kf1 Qf4+ 57. Ke1 Qe4+ 58. Kd2 Qxg2+ 59. Kc3
Qf3+ 60. Qd3 Qf6+ 61. Kc4 Qf4+ 62. Kc5 Qc1+ 63. Qc4 Qg1+ 64. Kc6 Qg2+ 65. Qd5
Qc2+ 66. Kd7 Qa4+ 67. Ke7 Qa7+ 68. Qcd7 Qa3+ 69. Q5d6 Qe3+ 70. Kd8 Qf3 71. Ke7
Qe3+ 72. Q6e6 Qa3+ 73. Kf7 Qf3+ 74. Kg8 g4 75. Qh7+ Kg5 76. Qhxg6+ Kf4 77. Qef5+
Kg3 78. Qgxg4+ Kh2 79. Qgxf3 Kg1 80. Qf2+ Kh1 81. Q5f3# 1-0

[Event "AUTO-ADV-2545"]
[Site "http://www.queenalice.com/game.php?id=1075934"]
[Date "2012.6.24"]
[Round "1"]
[White "Jedi_knight"]
[Black "carito30236"]
[Result "1-0"]
[WhiteElo "1835"]
[BlackElo "1752"]

1. e4 e5 2. Nf3 d6 3. Bc4 h6 4. Nc3 Nf6 5. h3 a6 6. d4 b5 7. dxe5 dxe5 8. Qxd8+
Kxd8 9. Nxe5 Ke7 10. Bxf7 Be6 11. Ng6+ Kxf7 12. Nxh8+ Kg8 13. Ng6 Bb4 14. Bd2
Bxc3 15. Bxc3 Nxe4 16. O-O Nd7 17. Rae1 Ndc5 18. Bb4 Bc4 19. Ne7+ Kf7 20. Bxc5
Nxc5 21. Re5 Bxf1 22. Kxf1 Nd7 23. Re3 c5 24. Nd5 Nf6 25. Nc7 Ra7 26. Ne6 c4 27.
Nd8+ Kg6 28. Nc6 Rc7 29. Ne5+ Kf5 30. g4+ Kf4 31. Ke2 Nd5 32. Ng6+ Kg5 33. Re5+
Kxg6 34. Rxd5 Rc6 35. f4 c3 36. b3 Kf6 37. Kd3 Ke6 38. Kd4 Rc8 39. h4 g6 40. a3
Rf8 41. Re5+ Kd6 42. Re4 Rc8 43. f5 gxf5 44. gxf5 Rc5 45. Re6+ Kd7 46. Kxc5 h5
47. f6 Kxe6 48. f7 Kxf7 49. Kb6 Kf6 50. Kxa6 Ke5 51. Kxb5 Kd6 52. a4 Ke5 53. a5
Kf4 54. a6 Kg4 55. a7 Kxh4 56. a8=Q 1-0

[Event "AUTO-ADV-2545"]
[Site "http://www.queenalice.com/game.php?id=1075935"]
[Date "2012.6.24"]
[Round "1"]
[White "carito30236"]
[Black "Jedi_knight"]
[Result "0-1"]
[WhiteElo "1798"]
[BlackElo "1836"]

1. d4 d5 2. Nc3 e6 3. a3 a6 4. Nf3 Bd6 5. e4 dxe4 6. Nxe4 h6 7. Bc4 b5 8. Ba2
Bb7 9. Qd3 f5 10. Ned2 Nf6 11. Qe2 Be4 12. Bxe6 Qe7 13. Bxf5 Bxf5 14. Qxe7+ Bxe7
15. Nh4 Bxc2 16. O-O Nd5 17. Re1 O-O 18. Ng6 Bxg6 19. Re5 c6 20. g3 Nd7 21. Re6
Rf6 22. Re2 Raf8 23. f4 Bd3 24. Rf2 Bc2 25. b4 Nc3 26. Bb2 Nd1 27. Re2 Nxb2 28.
Rxe7 Nb6 29. Ra2 N6a4 30. Ra7 Bb3 31. Nxb3 Re6 32. Kf2 Nd1+ 33. Kg2 Nac3 34. Rd2
Ne3+ 35. Kf3 Nc4 36. Rf2 Re3+ 37. Kg4 Ne4 38. Rc2 Rxb3 39. Rxa6 Ne3+ 40. Kf3
Ng5+ 41. Ke2 Nxc2 42. fxg5 Nxd4+ 43. Kd2 Rf2+ 44. Kc1 Rc3+ 45. Kd1 Nb3 46. Ra8+
Kh7 47. gxh6 Rc1# 0-1

[Event "Challenge"]
[Site "http://www.queenalice.com/game.php?id=1082657"]
[Date "2012.7.14"]
[Round "-"]
[White "adelio"]
[Black "Jedi_knight"]
[Result "0-1"]
[WhiteElo "1635"]
[BlackElo "1812"]

1. f4 d5 2. d4 Nc6 3. c4 dxc4 4. e3 Qd5 5. Nc3 Qe6 6. Nf3 Nb4 7. Ng5 Qg6 8. e4
h6 9. Nf3 f5 10. e5 b5 11. a4 Qa6 12. Nxb5 Kd7 13. Bxc4 e6 14. Qe2 Qc6 15. O-O
Ba6 16. Rd1 Rb8 17. b3 Ne7 18. Nxa7 Qb6 19. Nb5 Bxb5 20. axb5 Ned5 21. Bxd5 Nxd5
22. Qc4 Qxb5 23. Rd2 Qxb3 24. Qa4+ Qxa4 25. Rxa4 Rb1 26. Rd1 Nc3 27. d5 Bc5+ 28.
Rad4 Nxd1 29. Kh1 Bxd4 30. dxe6+ Ke7 31. Ba3+ Bc5 32. Bxc5+ Kxe6 33. h4 Kd5 34.
Bg1 Nf2+ 35. Kh2 Ng4+ 36. Kh1 Ke4 37. Nd2+ Kxf4 38. Nxb1 Rd8 39. Nc3 Kg3 40.
Ne2+ Kxh4 41. g3+ Kh3 42. e6 Rd1 43. Nf4+ Kxg3 44. Ne2+ Kf3 45. Nc3 Re1 46. Nb5
Kg3 47. e7 Nf2# 0-1

[Event "Challenge"]
[Site "http://www.queenalice.com/game.php?id=1083096"]
[Date "2012.7.15"]
[Round "-"]
[White "Agourmay"]
[Black "Jedi_knight"]
[Result "1-0"]
[WhiteElo "1823"]
[BlackElo "1761"]

1. c4 Nc6 2. Nc3 d6 3. d4 Bf5 4. e4 Bg6 5. Nf3 Nf6 6. Bd3 e5 7. d5 Nd4 8. O-O
Bh5 9. Be2 Bxf3 10. Bxf3 h5 11. Be3 Nxf3+ 12. Qxf3 a6 13. b4 c5 14. bxc5 dxc5
15. Bg5 Be7 16. Qf5 Qd6 17. Rab1 g6 18. Qf3 O-O-O 19. Na4 Qc7 20. Rb6 Rd6 21.
Rfb1 Rhd8 22. Rxb7 Qa5 23. Rxe7 Nh7 24. Qb3 Qb4 25. Qh3+ R8d7 26. Rxb4 cxb4 27.
Rxe5 f6 28. Re8+ Kc7 29. Bf4 Ng5 30. Qe3 Kb7 31. Nc5+ Kc7 32. Bxd6+ Rxd6 33. Qg3
Nf7 34. Ne6+ Kd7 35. Ra8 Ke7 36. c5 Rd7 37. d6+ Nxd6 38. cxd6+ Kxe6 39. Re8+ Kf7
40. Re7+ Rxe7 41. dxe7 Kxe7 42. Qxg6 a5 43. Qg3 a4 44. Qd3 a3 45. Qb1 Ke6 46.
Qxb4 1-0

[Event "Challenge"]
[Site "http://www.queenalice.com/game.php?id=1084184"]
[Date "2012.7.18"]
[Round "-"]
[White "Nyvang"]
[Black "Jedi_knight"]
[Result "1-0"]
[WhiteElo "1787"]
[BlackElo "1777"]

1. d4 d5 2. Bf4 e6 3. a3 Nc6 4. Nc3 a6 5. e4 dxe4 6. Nxe4 Qxd4 7. Qxd4 Nxd4 8.
O-O-O f5 9. Ng3 Nb5 10. Bxb5+ axb5 11. Bxc7 Nf6 12. Rd8+ Ke7 13. Nf3 Nd5 14.
Nxf5+ exf5 15. Rxd5 Bd7 16. Re1+ Be6 17. Bd6+ Kf6 18. Be5+ Kf7 19. Ng5+ Ke7 20.
Bc7 Kf6 21. Nxe6 Re8 22. Rde5 g6 23. h4 Bc5 24. Nxc5 Rc8 25. Nd7+ Kf7 26. Re7+
Kg8 27. Be5 h5 28. Rg7# 1-0

[Event "AUTO-OPEN-2745"]
[Site "http://www.queenalice.com/game.php?id=1084758"]
[Date "2012.7.20"]
[Round "1"]
[White "Jedi_knight"]
[Black "raven225"]
[Result "0-1"]
[WhiteElo "1685"]
[BlackElo "1671"]

1. e4 c5 2. Nf3 e6 3. d3 Nc6 4. Nc3 h6 5. Bf4 d6 6. a3 e5 7. Bg3 Nf6 8. Be2 Be7
9. O-O O-O 10. h3 Nd4 11. Nxd4 cxd4 12. f4 dxc3 13. fxe5 dxe5 14. Bxe5 cxb2 15.
Bxb2 Qb6+ 16. d4 Qxb2 17. e5 Nd5 18. Qd3 Nf4 19. Qe4 Qxd4+ 20. Qxd4 Nxe2+ 21.
Kh2 Nxd4 22. Ra2 Be6 23. Rb2 b6 24. a4 Bc5 25. c3 Nc6 26. Rd2 Nxe5 27. Rdd1 Nc4
28. Rd3 Nb2 29. Rdf3 Nxa4 30. Rb1 Rad8 31. Rc1 Bd6+ 32. Kg1 Nc5 33. Ra1 Ra8 34.
Rd1 Ne4 35. Kh1 Ng3+ 36. Kh2 Ne2+ 37. Kh1 Ng3+ 38. Kh2 Ne4+ 39. Kh1 Rad8 0-1

[Event "AUTO-OPEN-2745"]
[Site "http://www.queenalice.com/game.php?id=1084759"]
[Date "2012.7.20"]
[Round "1"]
[White "raven225"]
[Black "Jedi_knight"]
[Result "1-0"]
[WhiteElo "1688"]
[BlackElo "1668"]

1. e4 e5 2. Nf3 Nc6 3. d4 d6 4. dxe5 dxe5 5. Qxd8+ Kxd8 6. Bb5 Bd7 7. Bxc6 Bxc6
8. Nc3 f6 9. Be3 Bb4 10. O-O-O+ Kc8 11. Nd5 Ne7 12. Nxb4 Bxe4 13. Nd2 Bxg2 14.
Rhg1 Nd5 15. Rxg2 Nxb4 16. a3 Nc6 17. Rxg7 b6 18. Ne4 f5 19. Nf6 f4 20. Bd2 h5
21. Bc3 Kb7 22. Nd5 Rac8 23. Rg5 Rcd8 24. Bxe5 Nxe5 25. Rxe5 f3 26. Rf5 c6 27.
Rf7+ Kb8 28. Nb4 Rxd1+ 29. Kxd1 c5 30. Nc6+ Kc8 31. Rxa7 Rh6 32. Ne5 Rd6+ 33.
Kc1 Kb8 34. Rh7 Rd5 35. Nc6+ Kc8 36. Ne7+ Kd7 37. Nxd5+ Kc6 38. Nf4 Kb5 39. Rxh5
1-0

[Event "AUTO-OPEN-2745"]
[Site "http://www.queenalice.com/game.php?id=1084760"]
[Date "2012.7.20"]
[Round "1"]
[White "Jedi_knight"]
[Black "RSRocha"]
[Result "1-0"]
[WhiteElo "1747"]
[BlackElo "1250"]

1. e4 c5 2. Nf3 Nc6 3. Bc4 g6 4. Ng5 Ne5 5. d3 Bg7 6. Bf4 Nxc4 7. dxc4 d6 8. c3
Nf6 9. Nd2 O-O 10. Qf3 Nh5 11. g4 Nxf4 12. Qxf4 h6 13. Ngf3 f5 14. g5 h5 15. e5
1-0

[Event "AUTO-OPEN-2745"]
[Site "http://www.queenalice.com/game.php?id=1084761"]
[Date "2012.7.20"]
[Round "1"]
[White "RSRocha"]
[Black "Jedi_knight"]
[Result "0-1"]
[WhiteElo "1248"]
[BlackElo "1749"]

1. e4 e5 2. Nf3 Nc6 3. Bc4 h6 4. c3 Nf6 5. d4 exd4 6. cxd4 Nxe4 7. O-O d5 8. Bb5
Bg4 9. Bxc6+ bxc6 10. h3 Bxf3 11. Qxf3 Bd6 12. Nc3 Ng5 13. Re1+ Be7 14. Bxg5
hxg5 0-1

[Event "AUTO-OPEN-2745"]
[Site "http://www.queenalice.com/game.php?id=1084762"]
[Date "2012.7.20"]
[Round "1"]
[White "Jedi_knight"]
[Black "Duendemalefyco"]
[Result "0-1"]
[WhiteElo "1848"]
[BlackElo "1652"]

1. e4 c6 2. Nf3 d5 3. exd5 cxd5 4. Ne5 Nc6 5. Bb5 Qc7 6. d4 e6 7. Qf3 Nf6 8. Bf4
Bd6 9. Nd2 O-O 10. Bxc6 bxc6 11. Qg3 Nh5 12. Qf3 Nxf4 13. Qxf4 f6 14. Qg3 fxe5
15. dxe5 Bxe5 16. Qa3 Rb8 17. b4 Bxa1 18. O-O Bf6 19. g3 e5 20. c3 e4 21. c4 Bh3
22. Re1 Bd4 23. Re2 Qf7 24. Kh1 e3 25. fxe3 Qf1+ 26. Nxf1 Rxf1# 0-1

[Event "AUTO-OPEN-2745"]
[Site "http://www.queenalice.com/game.php?id=1084763"]
[Date "2012.7.20"]
[Round "1"]
[White "Duendemalefyco"]
[Black "Jedi_knight"]
[Result "1-0"]
[WhiteElo "1731"]
[BlackElo "1810"]

1. e4 e5 2. Nf3 Nc6 3. Bc4 h6 4. d4 Qf6 5. d5 Nd4 6. Nxd4 Bc5 7. Nf3 d6 8. O-O
h5 9. Be3 Bxe3 10. fxe3 Qg6 11. Nbd2 Bh3 12. Rf2 Bg4 13. Qf1 h4 14. Bb5+ Kd8 15.
Kh1 h3 16. g3 Nf6 17. Bd3 Qh6 18. Re1 a6 19. Nh4 Ke7 20. Nf5+ Bxf5 21. Rxf5 Raf8
22. Qf3 Qg6 23. Rf1 Ng4 24. Be2 Nh6 25. Rh5 f5 26. exf5 Nxf5 27. Rxh8 e4 28.
Qxe4+ Kd7 29. Rxf8 Nxg3+ 30. hxg3 Qxe4+ 31. Nxe4 c5 32. R1f7# 1-0

[Event "Challenge"]
[Site "http://www.queenalice.com/game.php?id=1095431"]
[Date "2012.8.21"]
[Round "-"]
[White "micbodu75"]
[Black "Jedi_knight"]
[Result "1-0"]
[WhiteElo "1673"]
[BlackElo "1716"]

1. d4 d5 2. Nf3 Bf5 3. Nc3 e6 4. e3 Nf6 5. Ne5 Bb4 6. Qe2 Bxc3+ 7. bxc3 Ne4 8.
Qb5+ c6 9. Qxb7 O-O 10. Ba3 Qa5 11. Bb4 Qa4 12. Bd3 Nxc3 13. Bxc3 Bxd3 14. cxd3
Na6 15. O-O c5 16. Nd7 Rfd8 17. dxc5 Qxd7 18. Qxa6 Rac8 19. d4 Rc6 20. Qa5 f5
21. f4 h6 22. Rab1 Ra8 23. Rb3 Qc8 24. Rf2 Ra6 25. Qb5 Rc6 26. Rfb2 Kh7 27. Qf1
a5 28. a4 Qe8 29. Rb5 Rca6 30. Qe1 1-0

[Event "Challenge"]
[Site "http://www.queenalice.com/game.php?id=1107141"]
[Date "2012.9.28"]
[Round "-"]
[White "pedroingles"]
[Black "Jedi_knight"]
[Result "1-0"]
[WhiteElo "1828"]
[BlackElo "1751"]

1. d4 d5 2. c4 dxc4 3. Nc3 e6 4. e4 c6 5. Bxc4 Bb4 6. Bd2 Qxd4 7. Qe2 a6 8. Nf3
Qb6 9. O-O Nd7 10. Rad1 Ngf6 11. Bb3 h6 12. Rfe1 Bd6 13. e5 Bxe5 14. Nxe5 Nxe5
15. Qxe5 O-O 16. Bxh6 gxh6 17. Qxf6 Kh7 18. Bc2+ Kg8 19. Qxh6 Rd8 20. Bh7+ Kh8
21. Bg6+ Kg8 22. Qh7+ Kf8 23. Qxf7# 1-0

[Event "Challenge"]
[Site "http://www.queenalice.com/game.php?id=1107142"]
[Date "2012.9.28"]
[Round "-"]
[White "Jedi_knight"]
[Black "pedroingles"]
[Result "0-1"]
[WhiteElo "1738"]
[BlackElo "1855"]

1. e4 e5 2. Qh5 Nc6 3. Qf3 Nf6 4. c3 Bc5 5. b4 Bb6 6. Na3 O-O 7. Nh3 d5 8. d3
Bg4 9. exd5 Bxf3 10. dxc6 Bxc6 11. c4 a6 12. Bg5 Qd4 13. Nc2 Qb2 14. Kd1 Ba4 15.
Rc1 Qxb4 16. Bd2 Qb2 17. Be2 Qxa2 18. f3 Bxc2+ 19. Rxc2 Qa4 20. Bc3 Bd4 21. Bxd4
exd4 22. g4 h6 23. f4 b5 24. cxb5 axb5 25. Bf3 Ra7 0-1